000 00450nam a2200181Ia 4500
005 20250603144435.0
008 250603s9999 xx 000 0 und d
020 _a9789788135135
050 _aRA 424.5 .M65/
100 _aMohammed, Idris
245 0 _aAcademics epidemics and politics: an eventful career in public health
260 _aIbadan
260 _bBookcraft
260 _c2007
300 _a409 p
650 _aIbadan
942 _cBK
999 _c38929
_d38929